| 000 | 00754cab a2200241 4500 | ||
|---|---|---|---|
| 001 | WB3440-20 | ||
| 008 | 090401t1998 xxu||||| |||| 00| 0 eng d | ||
| 035 | _a(Sirsi) u89190 | ||
| 041 | _aeng | ||
| 245 | _aUnions get say in PFI | ||
| 260 | _c1998 | ||
| 350 | _a0 | ||
| 490 |
_aFinancial Times _v21 and 22 October 1998, 12, 10 |
||
| 490 |
_aGuardian _v22 October 1998, 28(3) |
||
| 520 | _aIn a move to quiet union fears on PFI, the Treasury has announced plans to give trade unions more involvement in negotiations for PFI projects. | ||
| 650 | _aPFI PROJECTS | ||
| 650 | _aPFI | ||
| 650 | _aPRIVATE FINANCE INITIATIVE | ||
| 650 | _aTRADE UNIONS | ||
| 690 | _aPROPERTY-PROPERTY FINANCE AND INVESTMENT | ||
| 942 | _n0 | ||
| 948 | _c21/10/1998 | ||
| 999 |
_c56409 _d56409 |
||